000 00586nam a2200193Ii 4500
003 JO-AjNU
008 230605s9999||||xx |||||||||||||| ||und||
040 _aJO-AjNU
_bara
_erda
_cJO-AjNU
041 _aara
050 1 4 _aQA276.12.F84 2010
100 3 _aفليفل، كامل/ م مشارك فتحي حمدان ,
_eauthor
_931614
245 0 0 _aالاحصاء
264 3 1 _aعمان:دار المناهج ، 2010
300 _a276ص
336 _atext
_btxt
_2rdacontent
337 _aunmediated
_bn
_2rdamedia
338 _avolume
_bnc
_2rdacarrier
650 4 _aالاحصاء
_931615
999 _aA12664
_c16232
_d16232